|
|
|
|
| LEADER |
00000caa a2200000 c 4500 |
| 001 |
1639252916 |
| 003 |
DE-627 |
| 005 |
20220608124528.0 |
| 007 |
tu |
| 008 |
130708s2013 xx ||||| 00| ||ger c |
| 035 |
|
|
|a (DE-627)1639252916
|
| 035 |
|
|
|a (DE-576)387006206
|
| 035 |
|
|
|a (DE-599)BSZ387006206
|
| 040 |
|
|
|a DE-627
|b ger
|c DE-627
|e rakwb
|
| 041 |
|
|
|a ger
|
| 100 |
1 |
|
|a Schoofs, N.
|4 aut
|
| 245 |
1 |
0 |
|a Pathologisches Spielen
|b Impulskontrollstörung, Sucht oder Zwang?
|c N. Schoofs; A. Heinz
|
| 264 |
|
1 |
|c 2013
|
| 336 |
|
|
|a Text
|b txt
|2 rdacontent
|
| 337 |
|
|
|a ohne Hilfsmittel zu benutzen
|b n
|2 rdamedia
|
| 338 |
|
|
|a Band
|b nc
|2 rdacarrier
|
| 700 |
1 |
|
|a Heinz, Andreas
|d 1960-
|0 (DE-588)1023259214
|0 (DE-627)717729206
|0 (DE-576)403666929
|4 aut
|
| 773 |
0 |
8 |
|i In
|t Der Nervenarzt
|d Berlin : Springer Medizin Verlag GmbH, 1928
|g 84(2013), 5, Seite 629-634
|w (DE-627)129301876
|w (DE-600)123291-5
|w (DE-576)014495171
|x 0028-2804
|7 nnas
|
| 773 |
1 |
8 |
|g volume:84
|g year:2013
|g number:5
|g pages:629-634
|
| 951 |
|
|
|a AR
|
| ELC |
|
|
|b 1
|
| LOK |
|
|
|0 000 xxxxxcx a22 zn 4500
|
| LOK |
|
|
|0 001 3299672053
|
| LOK |
|
|
|0 003 DE-627
|
| LOK |
|
|
|0 004 1639252916
|
| LOK |
|
|
|0 005 20130708151610
|
| LOK |
|
|
|0 008 130708||||||||||||||||ger|||||||
|
| LOK |
|
|
|0 040
|a DE-21-110
|c DE-627
|d DE-21-110
|
| LOK |
|
|
|0 689
|a s
|a Pathologisches Glückspiel
|
| LOK |
|
|
|0 689
|a s
|a Suchtbegriff
|
| LOK |
|
|
|0 689
|a s
|a Klassifikation
|
| LOK |
|
|
|0 852
|z Kein Bestand am IfK; Nachweis für KrimDok
|
| LOK |
|
|
|0 852
|a DE-21-110
|
| LOK |
|
|
|0 852 1
|m v
|9 00
|
| LOK |
|
|
|0 938
|k v
|
| LOK |
|
|
|0 939
|a 08-07-13
|b l01
|
| ORI |
|
|
|a SA-MARC-krimdoka001.raw
|